Veinte años después (Record no. 88744)

MARC details
000 -LEADER
campo de control de longitud fija 00690nam a2200193 i 4500
001 - NÚMERO DE CONTROL
campo de control 88744
003 - IDENTIFICADOR DE NÚMERO DE CONTROL
campo de control ES-MaACL
005 - FECHA Y HORA DE LA ÚLTIMA TRANSACCIÓN
campo de control 20230906175922.0
007 - CAMPO FIJO DE DESCRIPCIÓN FÍSICA--INFORMACIÓN GENERAL
campo de control de longitud fija t|
008 - DATOS DE LONGITUD FIJA--INFORMACIÓN GENERAL
campo de control de longitud fija 041220s2001 sp ||||1| spa d
020 ## - NÚMERO INTERNACIONAL ESTÁNDAR DEL LIBRO
Número Internacional Estándar del Libro 84-88652-79-8
080 ## - NÚMERO DE LA CLASIFICACIÓN DECIMAL UNIVERSAL
Número de la Clasificación Decimal Universal 342.25(460.35)"1981"
245 00 - MENCIÓN DEL TÍTULO
Título Veinte años después
Resto del título : los redactores del Estatuto reflexionan sobre la autonomía andaluza.
260 ## - PUBLICACIÓN, DISTRIBUCIÓN, ETC.
Lugar de publicación, distribución, etc. Sevilla :
Nombre del editor, distribuidor, etc. Parlamento de Andalucía, Servicio del Diario de Sesiones y Publicaciones no Periódicas,
Fecha de publicación, distribución, etc. [2001]
300 ## - DESCRIPCIÓN FÍSICA
Extensión 353 p. ;
Dimensiones 22 cm.
610 17 - PUNTO DE ACCESO ADICIONAL DE MATERIA--NOMBRE DE ENTIDAD CORPORATIVA
Nombre de entidad corporativa o nombre de jurisdicción como elemento de entrada Andalucía.
Unidad subordinada Estatuto de Autonomía, 1981.
9 (RLIN) 1395
710 1# - ENTRADA AGREGADA--NOMBRE DE ENTIDAD CORPORATIVA
Nombre de entidad corporativa o nombre de jurisdicción como elemento de entrada Andalucía.
Unidad subordinada Parlamento.
9 (RLIN) 1397
852 ## - LOCALIZACIÓN
Ubicación ES-MaACL
Número de control de estantería E-10591
Sublocalización o colección R.134841
Holdings
Estatus retirado Estado de pérdida Estado de daño No para préstamo Biblioteca de origen Biblioteca actual Ubicación en estantería Fecha de adquisición Fuente de adquisición Total de préstamos Signatura topográfica completa Código de barras Visto por última vez Precio de reemplazo Tipo de ítem Koha
        Biblioteca del Ateneo de Madrid Biblioteca del Ateneo de Madrid Depósito 2 17/01/2008     E-10591 1092694 23/02/2023 23/02/2023 Libro impreso